| 000 | 00391nam a2200157Ia 4500 | ||
|---|---|---|---|
| 008 | 230524s9999 xx 000 0 und d | ||
| 082 |
_a621.382 _bRAO |
||
| 100 | _aSunil S.Rao | ||
| 245 | 0 | _aSwitchgear Protection and Power System | |
| 250 | _a8TH | ||
| 260 |
_aNEW DELHI _bKhanna _c2005 |
||
| 300 | _aXXVIII;1691 | ||
| 500 | _aQuantity Number: 22 | ||
| 650 | _aElectrical | ||
| 942 | _cBK | ||
| 999 |
_c24342 _d24342 |
||